000 00190nam a2200073Ia 4500
008 170817s9999 xx 000 0 und d
100 _aJOSHI
245 0 _aSIKSHAN DAKSHATA EVAM SUKSHHM SIKSHAN
260 _bH.P. BHARGAVE AGRA
999 _c36334
_d36334